000 00297nam a2200121Ia 4500
100 _aNefedov/N/ Osipov/K
942 _cBK
654 _ametal cutting
245 _aTypical examples and problems in Metal cutting and tool design
260 _b#N/A
082 _a671.53/NEF
_bNEF
546 _aENGLISH
999 _c34112
_d34112